| 000 | 00786cam a2200205 4500 | ||
|---|---|---|---|
| 001 | WB3538-14 | ||
| 008 | 000000n1999 000 0 eng u | ||
| 035 | _a(Sirsi) u102818 | ||
| 245 | _aEconomic picture improves. | ||
| 260 | _c1999 | ||
| 490 |
_aCSM _bChartered Surveyor Monthly _v9(1) September 1999, 1(1) |
||
| 520 | _aSuggests that economic growth rose by 0.5% in 1999 2Q, fuelled by a growth in exports and rising household consumption. Also looks in detail at the commercial property market, construction market, and housing market. Graph. | ||
| 650 | _aECONOMIC GROWTH | ||
| 650 | _aPROPERTY-COMMERCIAL PROPERTY-COMMERCIAL PROPERTY MARKET | ||
| 650 | _aCONSTRUCTION MARKET | ||
| 650 | _aHOUSING MARKET | ||
| 650 | _aGDP | ||
| 690 | _aECONOMIC AND SOCIAL | ||
| 942 | _n0 | ||
| 999 |
_c61791 _d61791 |
||